4-Letter Movies Slideshow Quiz Stats

 Plays Quiz Updated Oct 26, 2018

Score 0/24 Timer 08:00
3 Plays Today
% Correct
Cars
99.5%
Hook
95.7%
Antz
95.4%
Babe
94.1%
Jaws
93.2%
Thor
91.9%
Juno
87.6%
Tron
81.9%
Argo
76.9%
Jobs
74.9%
M*A*S*H
73.4%
Bolt
70.2%
% Correct
Troy
64.9%
Noah
63.4%
Clue
62%
Rudy
61.3%
Salt
60.9%
Fame
57.4%
Hugo
55.3%
Mask
52.6%
Cujo
49.4%
Paul
47.7%
Dave
42.9%
Rush
40.6%

You're not logged in!

Compare scores with friends on all Sporcle quizzes.
OR
Log In

Show Comments

Extras

Top Quizzes Today


Score Distribution

Your Account Isn't Verified!

In order to create a playlist on Sporcle, you need to verify the email address you used during registration. Go to your Sporcle Settings to finish the process.

Report this User

Report this user for behavior that violates our Community Guidelines.

Details: